| 000 | 00811nam a2200265 i 4500 | ||
|---|---|---|---|
| 001 | 6235 | ||
| 003 | ES-MaACL | ||
| 005 | 20251015063039.0 | ||
| 007 | t| | ||
| 008 | 890908s1987 fr ||||1| fre d | ||
| 020 | _a2-260-00501-2 | ||
| 080 | _a1:9 | ||
| 080 | _a901 | ||
| 100 | 1 |
_aAron, Raymond, _d1905-1983 _923155 |
|
| 245 | 1 | 3 |
_aLa Philosophie critique de l'histoire _b: essai sur une theorie allemande de l'histoire / _cRaymond Aron. |
| 250 |
_aNouvelle ed. _brevue et annotee par Sylvie Mesure. |
||
| 260 |
_aParis : _bJulliard, _c1987. |
||
| 300 |
_a377 p. ; _c23 cm. |
||
| 500 | _aBibliografia. | ||
| 500 | _aIndices. | ||
| 650 | 4 |
_aHistoria- _xFilosofĂa. _913380 |
|
| 700 | 1 |
_aMesure, Sylvie. _980715 |
|
| 852 |
_aES-MaACL _jL-13375 _bR.115560 _z. - rust. |
||
| 999 |
_c6235 _d6235 |
||